| 000 | 00542nam a22001577a 4500 | ||
|---|---|---|---|
| 003 | OSt | ||
| 005 | 20150908171630.0 | ||
| 008 | 150908b xxu||||| |||| 00| 0 eng d | ||
| 040 | _cRUA | ||
| 082 | _aAGR កែប 1993 B008 Or.1 | ||
| 100 |
_9179 _aកែប ប៉ុច |
||
| 245 | _aការសិក្សាអំពីទំនាក់ទំនងលក្ខណៈក្សេត្រ-រូបនៃស្រូវរដូវប្រាំង | ||
| 260 |
_aPhnom Penh _bRUA _c1993 |
||
| 300 |
_a54p. _bill. _c29cm. |
||
| 942 |
_2ddc _cAGR |
||
| 999 |
_c160 _d160 |
||